L'Emploi, l'entreprise et la societe : debats economie-sociologie

Αποθηκεύτηκε σε:
Λεπτομέρειες βιβλιογραφικής εγγραφής
Άλλοι συγγραφείς: Michon, Francois (Επιμελητής έκδοσης), Segrestin, Denis (Επιμελητής έκδοσης)
Μορφή: Βιβλίο
Γλώσσα:French
Δημοσίευση: Paris : Economica, 1990
Θέματα:
Ετικέτες: Προσθήκη ετικέτας
Δεν υπάρχουν, Καταχωρήστε ετικέτα πρώτοι!

MARC

LEADER 00000nam a2200000 i 4500
001 1/70031
008 990223s1990 fre d
020 |a 2-71-782000-0 
035 |l 10047994 
040 |a GR-MY-UA  |b gre  |e aacr 
041 0 |a fre 
082 0 |a 306.36 
245 1 0 |a L'Emploi, l'entreprise et la societe :  |b debats economie-sociologie /  |c sous la direction de Francois Michon, Denis Segestin 
260 |a Paris :   |b Economica,   |c 1990 
300 |a 301 p.;  |c 24 cm. 
500 |a Ouvrage publie avec le concours de la M.I.R.E. 
504 |a Includes bibliographical references (p. [287]-298) 
650 0 0 |a Industrial sociology. 
650 0 0 |a Work  |x Social aspects. 
650 0 0 |a Personnel management. 
700 1 |a Michon, Francois.  |4 edt 
700 1 |a Segrestin, Denis.  |4 edt 
852 |a INST  |b LESVOS  |e 19990223  |h 306.36 EMP  |p 005100024046  |q 005100024046  |t BK  |y 0 
901 |a BIBL1-2000-2 
909 |a Λ  |b 061628 
922 |a 1ΕΛΗ  |b 199812  |c ΚΠΣ/ΤΚ  |d ΠΑΠΑΣΩΤΗΡΙΟΥ 
950 |a 103-1998-07-27 
970 |z 2000/04/ΜΠΡΑΤΤΗΣ